Espacios Mexicanos contemporáneos /
El documento presenta un análisis de México, en términos de redes y flujos económicos impuestos, de la población y su crecimiento natural como la movilidad de la misma. Además, se ofrece una perspectiva antropológica, social y urbanista de México.
Salvato in:
| Autore principale: | |
|---|---|
| Natura: | testo |
| Lingua: | Spanish |
| Pubblicazione: |
Pedregal de Santa Teresa:
El Colegio de México
1997
|
| Soggetti: | |
| Tags: |
Aggiungi Tag
Nessun Tag, puoi essere il primo ad aggiungerne!!
|
MARC
| LEADER | 00000 a a2200000 04500 | ||
|---|---|---|---|
| 001 | 33963 | ||
| 003 | cru CIDCACS/IIS | ||
| 005 | 20230707094102.0 | ||
| 008 | 230418b1997 mx ||||| |||| 00| 0 spa d | ||
| 020 | |a 968-16-4970-2 | ||
| 040 | |c CRAI/IIS | ||
| 090 | |a Mx 01.04.03 B328e | ||
| 100 | |a Bataillon, Claude | ||
| 245 | |a Espacios Mexicanos contemporáneos / |c Claude Bataillon | ||
| 260 | |a Pedregal de Santa Teresa: |b El Colegio de México |c 1997 | ||
| 300 | |a 201 p. |b Mapas | ||
| 520 | |a El documento presenta un análisis de México, en términos de redes y flujos económicos impuestos, de la población y su crecimiento natural como la movilidad de la misma. Además, se ofrece una perspectiva antropológica, social y urbanista de México. | ||
| 650 | |a MEXICO | ||
| 650 | |a ECONOMIA DEL DESARROLLO | ||
| 650 | |a HISTORIA | ||
| 650 | |a GEOGRAFIA DE MEXICO | ||
| 942 | |2 ddc |c LI |h Mx 01.04.03 B328e |i 00699 |6 MX_010403_B328E_00699 | ||
| 999 | |c 6143 |d 6143 | ||



